000 00634nam a2200193Ia 4500
005 20250507130304.0
008 008 250505s9999 xx 000 0 eng d
037 _aSeries Article
040 _aEASL
_beng
_cEASL
041 _aeng
_2eng
084 _qEASL
100 _aLarsson Tomas
_9673871
245 0 _aMonkish poltics in southeast asia: religious blsanfranchisement in comparative and theoretical perspective
260 _aUSA
_bNew York Cambridge University Press U.K
_c2015
300 _a40-82 Pp.
650 _aAsian Studies; Southeast Asia Politics
_9755080
942 _cSRA
999 _c1318791
_d1318791